Contemplations I : an anthology of prose, poetry, drama and fiction (Record no. 213138)

MARC details
000 -LEADER
fixed length control field 00493nam a2200157Ia 4500
008 - FIXED-LENGTH DATA ELEMENTS--GENERAL INFORMATION
fixed length control field 231221s9999 xx 000 0 und d
020 ## - INTERNATIONAL STANDARD BOOK NUMBER
International Standard Book Number 9790000000000
041 ## - LANGUAGE CODE
Language code of text/sound track or separate title English
082 ## - DEWEY DECIMAL CLASSIFICATION NUMBER
Classification number 425 BHA;1 R
100 ## - MAIN ENTRY--PERSONAL NAME
Personal name Bhaskaran Nair, P. Geetha Rajeevan.
245 #0 - TITLE STATEMENT
Title Contemplations I : an anthology of prose, poetry, drama and fiction
260 ## - PUBLICATION, DISTRIBUTION, ETC.
Date of publication, distribution, etc. 2009
Name of publisher, distributor, etc. Foundation Books
Place of publication, distribution, etc. Bangalore
300 ## - PHYSICAL DESCRIPTION
Extent vii, 98
650 ## - SUBJECT ADDED ENTRY--TOPICAL TERM
Topical term or geographic name entry element Contemplations,anthology,prose,,poetry,,drama,fiction
942 ## - ADDED ENTRY ELEMENTS (KOHA)
Koha item type College Library
Holdings
Date last seen Total checkouts Full call number Accession number Price effective from Category Lost status Damaged status Department Withdrawn status Home library Current library Shelving location Entry date Grants Billdate Currency symbol Conversion rate Discount Old discount
26/01/2024   425 BHA;1 R BC585 26/01/2024 College Library     Central Library   Central Library Central Library Central Library   DONATED 12/09/2016 RS 1    

© For any Suggestions or Query, please contact the library staff @ librarian@pes.edu or Phone: +9180 2672 1983/ 2108.